[Event "Catalunya-chT"]
[Site "Catalunya"]
[Date "2014.01.25"]
[Round "1.3"]
[White "Colls Gelaberto, Emilio"]
[Black "Gorgues Mateu, David"]
[Result "1/2-1/2"]
[WhiteElo "2147"]
[BlackElo "1738"]
[PlyCount "108"]
[EventDate "2014.01.25"]
[EventType "team"]
[EventRounds "11"]
[EventCountry "ESP"]
[SourceTitle "CBM 158 Extra"]
[Source "ChessBase"]
[SourceDate "2014.02.28"]
[SourceVersion "1"]
[SourceVersionDate "2014.02.28"]
[SourceQuality "1"]
[WhiteTeam "Figueres"]
[BlackTeam "Andorra"]
[WhiteTeamCountry "ESP"]
[BlackTeamCountry "AND"]

1. d4 Nf6 2. c4 c5 3. Nf3 cxd4 4. Nxd4 a6 5. Nc3 Qc7 6. e4 e6 7. a3 Nc6 8. Be3 g6 9. Be2 Bg7 10. 0-0 0-0 11. Rc1 d6 12. f3 Bd7 13. Nd5 Qd8 14. Nxc6 bxc6 15. Nxf6+ Qxf6 16. b4 Qb2 17. Qd3 d5 18. Rc2 Qe5 19. Rd1 Rfc8 20. f4 Qb8 21. cxd5 cxd5 22. Rxc8+ Qxc8 23. exd5 Bb5 24. Qd2 Bc3 25. Qc2 exd5 26. Bxb5 axb5 27. Rxd5 Rxa3 28. Qd3 Ra1+ 29. Kf2 Be1+ 30. Kf3 Qa8 31. Qe4 Bxb4 32. Rxb5 Qxe4+ 33. Kxe4 Bc3 34. Rc5 Bb2 35. Rc2 Ra4+ 36. Kf3 Ba1 37. g4 h5 38. gxh5 gxh5 39. Rc5 h4 40. Kg4 Bf6 41. h3 Kg7 42. Bf2 Ra2 43. Bxh4 Rg2+ 44. Kf3 Rg1 45. Bg5 Bd4 46. Rd5 Bc3 47. Be7 Rf1+ 48. Ke4 Re1+ 49. Kd3 Rxe7 50. Kxc3 Re4 51. Rd4 Re3+ 52. Rd3 Re4 53. Rf3 f5 54. Kd3 Kh6 1/2-1/2